00610cam a22002053a 45000010005000000030006000050050017000110080041000280400015000690420007000840500007000911000044000982450079001422600029002215060030002505160020002806530035003008300028003358560041003633697PGUSA20140828083037.0030101s2003||||xxu|||||s|||||000 p eng d aPGUSAbeng adc 4aPR1 aSwinburne, Algernon Charles,d1837-190912aA Century of Roundelsh[electronic resource] /cAlgernon Charles Swinburne bProject Gutenberg,c2003 aPublic domain in the USA. aElectronic text aEnglish poetry -- 19th century 0aProject Gutenbergv369740uhttp://www.gutenberg.org/ebooks/3697